Pigment handbook. 3 V. (Record no. 25203)

MARC details
000 -LEADER
fixed length control field 00302nam a2200121Ia 4500
082 ## - DEWEY DECIMAL CLASSIFICATION NUMBER
Classification number 667.622(035)
Item number PAT
245 #0 - TITLE STATEMENT
Title Pigment handbook. 3 V.
260 ## - PUBLICATION, DISTRIBUTION, ETC. (IMPRINT)
Place of publication New York
Name of publisher John Wiley
Year of publication 1973
505 ## - FORMATTED CONTENTS NOTE
Formatted contents note set price
700 ## - ADDED ENTRY--PERSONAL NAME
Personal name Patton, Temple C
942 ## - ADDED ENTRY ELEMENTS (KOHA)
Koha item type Books
Holdings
Withdrawn status Lost status Damaged status Not for loan Home library Current library Date acquired Cost, normal purchase price Full call number Accession Number Koha item type
        RRII Library RRII Library 16/12/2021 185.50 667.622(035) PAT 05862 Books